| 000 | 00884nam a22002657a 4500 | ||
|---|---|---|---|
| 001 | 744 | ||
| 005 | 20250307110941.0 | ||
| 020 | _a0060206810 | ||
| 040 |
_aDLC _cODaWU _dOCoLC _dCGl _dDLC _beng |
||
| 050 | 0 | 0 |
_aPZ8.B744 _bFl |
| 082 | _a813 | ||
| 100 | 1 |
_aBrown, Jeff, _d1926-2003. |
|
| 245 | 1 | 0 |
_aFlat Stanley / _cby Jeff Brown ; pictures by Tomi Ungerer. |
| 250 | _aNewly illustrated Harper Trophy edition, 2003 | ||
| 260 |
_aNew York, N.Y. : _bHarper, _c2003. |
||
| 300 |
_a65 pages : _billustrations ; _c20 cm. |
||
| 505 | _aM | ||
| 520 | _aAfter a bulletin board falls on Stanley while he is sleeping, he finds that being flat has its advantages. | ||
| 521 |
_a550
_bLexile |
||
| 521 |
_aM
_bRaz-Plus |
||
| 650 |
_aHumor _vAdventure _xTravel |
||
| 650 |
_aHumor _vAdventure _xTravel |
||
| 906 |
_a7 _bcbc _coclcrpl _du _encip _f19 _gy-gencatlg |
||
| 942 |
_2ddc _cBK _n0 |
||
| 999 |
_c744 _d744 |
||